00393 2200169 4500001002100000005001500021008004100036020002200077035001900099041000700118082001100125090001700136100001700153245001900170260002400189650001000213INLIS00000000001050620241224114019241224||||||||| | ||| |||| || |  a978-979-054-207-5 0010-1224010506 aid0 a796.44 a796.44 ANA m0 aAnandita F.P00aMENGENAL SENAM aBogorbQuadrac2010 0aSenam